000 01327nam a22003977a 4500
001 21815488
003 LIBRIS
005 20210419094545.0
008 171030s2018 xxk|||||||||||000 0|eng|d
020 _a9781292215839
_qpocket
035 _a(BOKR)9781292215839
040 _aBOKR
_bswe
_dLi
_ei
_erda
_ceng
041 _aeng
080 _a005
_bR-66
082 0 4 _a658
_223/swe
084 _aQba
_2kssb/8 (machine generated)
100 1 _aRobbins, Stephen P.
_4aut
245 1 0 _aManagement /
_cStephen P. Robbins, Mary Coulter.
250 _afourteenth edition, global edition
260 _aHarlow :
_bPearson,
_c2018.
264 1 _bPearson Education Limited,
_c2018.
300 _a751 p.
_billustrationer
336 _atext
_btxt
_2rdacontent
337 _aunmediated
_bn
_2rdamedia
338 _avolume
_bnc
_2rdacarrier
650 _xManagement
653 _aმართვა
700 1 _aMartoccio, Joseph J.
_4ctb
700 1 _aLong, Lori K.
_4ctb
700 1 _aCoulter, Mary
887 _a{"@id":"l4xchwbx3jj39b5","modified":"2019-03-25T12:37:24.061+01:00","checksum":"68763964717"}
_2librisxl
887 _a{"@id":"7h4h0kz95xlr8xwl","modified":"2019-03-11T12:43:15.733+01:00","checksum":"44170235386"}
_2librisxl
942 _2udc
_cBK
999 _c371
_d371